Central Library OPAC University of Rajshahi

Soviet power and policy / (Record no. 26145)

MARC details
000 -LEADER
fixed length control field 00824nam a22002651 4500
001 - CONTROL NUMBER
control field 26145
003 - CONTROL NUMBER IDENTIFIER
rucl marc code BD-RjUL
005 - DATE AND TIME OF LATEST TRANSACTION
control field 20211209050957.0
008 - FIXED-LENGTH DATA ELEMENTS--GENERAL INFORMATION
fixed length control field 140320s1955 nyub b 001 0 eng d
035 ## - SYSTEM CONTROL NUMBER
System control number (BD-RjUL)26215
System control number (OCoLC)1443139
040 ## - CATALOGING SOURCE
Original cataloging agency DLC
Transcribing agency FJ
Modifying agency OCoLC
-- DLC
-- BD-RjUL
Language of cataloging eng
041 ## - LANGUAGE CODE
Language code of text/sound track or separate title eng
082 00 - DEWEY DECIMAL CLASSIFICATION NUMBER
Classification number 327.47
Author mark and year HUS 1955
100 1# - MAIN ENTRY--PERSONAL NAME
Personal name Huszar, George B. de
Fuller form of name (George Bernard),
Dates associated with a name 1919-1968.
9 (RLIN) 80357
245 10 - TITLE STATEMENT
Title Soviet power and policy /
Statement of responsibility, etc. by George B. de Huszar and associates.
260 ## - PUBLICATION, DISTRIBUTION, ETC. (IMPRINT)
Place of publication, distribution, etc. New York :
Name of publisher, distributor, etc. Crowell,
Date of publication, distribution, etc. 1955.
300 ## - PHYSICAL DESCRIPTION
Pagination x, 598 p. :
Illustrations maps.;
Size 24 cm.
504 ## - BIBLIOGRAPHY, ETC. NOTE
Bibliography, etc Includes bibliographical references and index.
651 #0 - SUBJECT ADDED ENTRY--GEOGRAPHIC NAME
Geographic name Soviet Union.
9 (RLIN) 80358
Geographic name Soviet Union
General subdivision Foreign relations
Chronological subdivision 1945-
9 (RLIN) 80359
942 ## - ADDED ENTRY ELEMENTS (KOHA)
Source of classification or shelving scheme Dewey Decimal Classification
Koha item type Books
Holdings
Lost status Source of classification or shelving scheme Damaged status Not for loan Collection code Permanent Location Current Location Shelving location Date acquired Source of acquisition Cost, normal purchase price Total Checkouts Full call number Date last seen Copy number Koha item type
  Dewey Decimal Classification   Added to bundle Non-fiction Central Library, University of Rajshahi Central Library, University of Rajshahi Reading Room 17/12/1957 Pak-American. 32.80   327.47 HUS 1955 20/03/2014 C-1 Books